<?xml version="1.0" encoding="UTF-8"?>
<record
    xmlns:xsi="http://www.w3.org/2001/XMLSchema-instance"
    xsi:schemaLocation="http://www.loc.gov/MARC21/slim http://www.loc.gov/standards/marcxml/schema/MARC21slim.xsd"
    xmlns="http://www.loc.gov/MARC21/slim">

  <leader>00809nam2a2200205   4500</leader>
  <controlfield tag="001">RU\NLR\BIBL_A\012365402</controlfield>
  <controlfield tag="005">20250624020851.0</controlfield>
  <datafield tag="035" ind1=" " ind2=" ">
    <subfield code="a">(NLR Aleph) 012365402</subfield>
  </datafield>
  <datafield tag="090" ind1=" " ind2=" ">
    <subfield code="a">11548994</subfield>
    <subfield code="c">11548994</subfield>
  </datafield>
  <datafield tag="100" ind1=" " ind2=" ">
    <subfield code="a">20200928d2020    |||y0rusy50      ca</subfield>
  </datafield>
  <datafield tag="101" ind1="0" ind2=" ">
    <subfield code="a">rus</subfield>
  </datafield>
  <datafield tag="102" ind1=" " ind2=" ">
    <subfield code="a">RU</subfield>
  </datafield>
  <datafield tag="200" ind1="1" ind2=" ">
    <subfield code="a">&#x413;&#x43E;&#x441;&#x442;&#x438; &#x441; &#x442;&#x43E;&#x433;&#x43E; &#x441;&#x432;&#x435;&#x442;&#x430;. &#x41F;&#x43E;&#x441;&#x43B;&#x435; &#x441;&#x43C;&#x435;&#x440;&#x442;&#x438; &#x436;&#x438;&#x437;&#x43D;&#x44C; &#x43F;&#x440;&#x43E;&#x434;&#x43E;&#x43B;&#x436;&#x430;&#x435;&#x442;&#x441;&#x44F;</subfield>
  </datafield>
  <datafield tag="210" ind1=" " ind2=" ">
    <subfield code="d">2020</subfield>
    <subfield code="a">&#x411;. &#x43C;.</subfield>
  </datafield>
  <datafield tag="461" ind1=" " ind2="0">
    <subfield code="1">001RU\NLR\Per\1064197</subfield>
    <subfield code="1">2001#$a&#x41D;&#x435;&#x432;&#x44B;&#x434;&#x443;&#x43C;&#x430;&#x43D;&#x43D;&#x44B;&#x435; &#x438;&#x441;&#x442;&#x43E;&#x440;&#x438;&#x438;. &#x417;&#x43E;&#x43B;&#x43E;&#x442;&#x430;&#x44F; &#x441;&#x435;&#x440;&#x438;&#x44F;$v2020, &#x2116; 3 (23)</subfield>
    <subfield code="9">10108831</subfield>
    <subfield code="c">&#x421;&#x430;&#x43D;&#x43A;&#x442;-&#x41F;&#x435;&#x442;&#x435;&#x440;&#x431;&#x443;&#x440;&#x433;</subfield>
    <subfield code="d">2014 -</subfield>
    <subfield code="n">&#x41F;&#x440;&#x435;&#x441;&#x441;-&#x41A;&#x443;&#x440;&#x44C;&#x435;&#x440;</subfield>
    <subfield code="t">&#x41D;&#x435;&#x432;&#x44B;&#x434;&#x443;&#x43C;&#x430;&#x43D;&#x43D;&#x44B;&#x435; &#x438;&#x441;&#x442;&#x43E;&#x440;&#x438;&#x438;. &#x417;&#x43E;&#x43B;&#x43E;&#x442;&#x430;&#x44F; &#x441;&#x435;&#x440;&#x438;&#x44F;</subfield>
    <subfield code="v">2020, &#x2116; 3 (23)</subfield>
  </datafield>
  <datafield tag="852" ind1=" " ind2=" ">
    <subfield code="a">NLR</subfield>
    <subfield code="j">&#x41F;34/2236</subfield>
  </datafield>
  <datafield tag="942" ind1=" " ind2=" ">
    <subfield code="c">ISSUE</subfield>
  </datafield>
  <datafield tag="980" ind1=" " ind2=" ">
    <subfield code="a">NB</subfield>
  </datafield>
  <datafield tag="980" ind1=" " ind2=" ">
    <subfield code="a">RUSPER</subfield>
  </datafield>
</record>
